Normal view MARC view

Entry Uniform Title

Number of records used in: 7

001 - CONTROL NUMBER

  • control field: 48393

003 - CONTROL NUMBER IDENTIFIER

  • control field: dpl

005 - DATE AND TIME OF LATEST TRANSACTION

  • control field: 20120604115012.0

008 - FIXED-LENGTH DATA ELEMENTS

  • fixed length control field: 120604|||a|||||| | ||| d

040 ## - CATALOGING SOURCE

  • Original cataloging agency: dpl
  • Transcribing agency: dpl

130 ## - HEADING--UNIFORM TITLE

  • Uniform title:

670 ## - SOURCE DATA FOUND

  • Source citation: Work cat.: (dpl): कमल, एम.पी. 48392, अंतर्राष्ट्रीय ख्याति प्राप्त भारतीय वैज्ञानिक /, 2004

670 ## - SOURCE DATA FOUND

  • Source citation: Work cat.: (dpl): कमल, एम.पी. 48392, अंतर्राष्ट्रीय ख्याति प्राप्त भारतीय वैज्ञानिक /, 2004

© Delhi Public Library
Hit Counter
free hit counter